000 00528nam a22001817a 4500
005 20251108170930.0
008 250721s1996 xx 000 0 ara d
082 1 4 _aط/537/مطل
100 1 _aمطلق، ألبير
245 1 0 _aالكهرباء /
264 1 _aبيروت :
_bمكتبة لبنان،
_c1996.
300 _a29ص
490 0 _aكتب الفراشة : تجارب علمية مبسطة
650 1 7 _aالكهرباء
653 _aناشاون صغار(10-14) سنه
942 _2ddc
_cBK
999 _c52445
_d52445